Blow-up theory for elliptic PDEs in Riemannian geometry
Αποθηκεύτηκε σε:
| Κύριος συγγραφέας: | |
|---|---|
| Άλλοι συγγραφείς: | , |
| Μορφή: | Βιβλίο |
| Γλώσσα: | English |
| Δημοσίευση: |
Princeton, N.J. :
Princeton University Press,
c2004
|
| Θέματα: | |
| Ετικέτες: |
Προσθήκη ετικέτας
Δεν υπάρχουν, Καταχωρήστε ετικέτα πρώτοι!
|
MARC
| LEADER | 00000nam a2200000 i 4500 | ||
|---|---|---|---|
| 001 | 1/69455 | ||
| 008 | 080108s2004 eng d | ||
| 020 | |a 0-691-11953-8 | ||
| 035 | |l 10093419 | ||
| 040 | |a GR-MY-UA |b gre |e aacr | ||
| 041 | 0 | |a eng | |
| 082 | 0 | |a 515.353 |2 (22) | |
| 100 | 1 | |a Druet, Olivier |d 1976- | |
| 245 | 1 | 0 | |a Blow-up theory for elliptic PDEs in Riemannian geometry / |c Olivier Druet, Emmanuel Hebey, Frederic Robert |
| 260 | |a Princeton, N.J. : |b Princeton University Press, |c c2004 | ||
| 300 | |a viii, 218 σ.; |c 24 εκ. | ||
| 504 | |a Περιέχει βιβλιογραφικές παραπομπές (σ. [213]-218) | ||
| 650 | 0 | 0 | |a Calculus of variations. |
| 650 | 0 | 0 | |a Differential equations, Nonlinear. |
| 650 | 0 | 0 | |a Geometry, Riemannian. |
| 700 | 1 | |a Hebey, Emmanuel |d 1964- | |
| 700 | 1 | |a Robert, Frederic |d 1974- | |
| 852 | |a INST |b SAMOS |e 20080108 |h 515.353 DRU |p 005300027514 |q 005300027514 |t BK |y 0 | ||
| 901 | |a BIBL3-2008-1 | ||
| 909 | |a Σ |b 140353 | ||
| 922 | |a 3ΕΛΗ |b 200711 |c ΕΠΕΑΕΚ2/ΤΜΗΜΑ ΜΑΘΗΜΑΤΙΚΩΝ |d ΕΛΕΥΘΕΡΟΥΔΑΚΗΣ | ||
| 970 | |a ΣΙΤΖΙΜΗ |b ΓΙΑΣΕΜΗ |z 2008/01/8 | ||